Economic Policy in the Presence of Coordination Problems (notice n° 1882550)

détails MARC
000 -LEADER
fixed length control field 01628cam a2200241 4500500
005 - DATE AND TIME OF LATEST TRANSACTION
control field 20260329013705.0
041 ## - LANGUAGE CODE
Language code of text/sound track or separate title fre
042 ## - AUTHENTICATION CODE
Authentication code dc
100 10 - MAIN ENTRY--PERSONAL NAME
Personal name Cooper, Russell W.
Relator term author
245 00 - TITLE STATEMENT
Title Economic Policy in the Presence of Coordination Problems
260 ## - PUBLICATION, DISTRIBUTION, ETC.
Date of publication, distribution, etc. 2005.<br/>
500 ## - GENERAL NOTE
General note 89
520 ## - SUMMARY, ETC.
Summary, etc. Politique économique en présence de problèmes de coordination Cet article analyse la politique gouvernementale en présence des jeux de coordination. Dans les situations économiques avec équilibres multiples, l’intervention du gouvernement peut être nécessaire pour dépasser les problèmes de coordination et internaliser les externalités. Cependant, la définition des interventions optimales est rendue plus difficile par la présence des complémentarités stratégiques et des équilibres multiples.
520 ## - SUMMARY, ETC.
Summary, etc. This paper discusses the conduct of government policy in coordination games. In economic situations with multiple equilibria, government intervention may be valuable to overcome coordination problems and to internalize externalities. Yet, the design of optimal interventions is made more difficult by the presence of strategic complementarities and multiple equilibria.
690 ## - LOCAL SUBJECT ADDED ENTRY--TOPICAL TERM (OCLC, RLIN)
Topical term or geographic name as entry element équilibres multiples
690 ## - LOCAL SUBJECT ADDED ENTRY--TOPICAL TERM (OCLC, RLIN)
Topical term or geographic name as entry element jeux de coordination
690 ## - LOCAL SUBJECT ADDED ENTRY--TOPICAL TERM (OCLC, RLIN)
Topical term or geographic name as entry element politique économique
690 ## - LOCAL SUBJECT ADDED ENTRY--TOPICAL TERM (OCLC, RLIN)
Topical term or geographic name as entry element coordination games
690 ## - LOCAL SUBJECT ADDED ENTRY--TOPICAL TERM (OCLC, RLIN)
Topical term or geographic name as entry element economic policy
690 ## - LOCAL SUBJECT ADDED ENTRY--TOPICAL TERM (OCLC, RLIN)
Topical term or geographic name as entry element multiple equilibria
786 0# - DATA SOURCE ENTRY
Note Revue d'économie politique | 115 | 4 | 2005-08-01 | p. 379-390 | 0373-2630
856 41 - ELECTRONIC LOCATION AND ACCESS
Uniform Resource Identifier <a href="https://shs.cairn.info/revue-d-economie-politique-2005-4-page-379?lang=fr&redirect-ssocas=7080">https://shs.cairn.info/revue-d-economie-politique-2005-4-page-379?lang=fr&redirect-ssocas=7080</a>

Pas d'exemplaire disponible.

PLUDOC

PLUDOC est la plateforme unique et centralisée de gestion des bibliothèques physiques et numériques de Guinée administré par le CEDUST. Elle est la plus grande base de données de ressources documentaires pour les Étudiants, Enseignants chercheurs et Chercheurs de Guinée.

Adresse

627 919 101/664 919 101

25 boulevard du commerce
Kaloum, Conakry, Guinée

Réseaux sociaux

Powered by Netsen Group @ 2025